Iconic Album Covers: Punk - Statistics

General Stats
  • This quiz has been taken 40 times
  • The average score is 12 of 30
Answer Stats
Picture Answer % Correct
Dookie
78%
London Calling
72%
Enema of the State
64%
Never Mind the Bollocks Here's the Sex Pistols
64%
The Ramones
64%
Bad Brains
50%
Fresh Fruit for Rotting Vegetables
47%
Milo Goes To College
44%
...And Out Come the Wolves
42%
Damaged
42%
Minor Threat
42%
Pink Flag
42%
Marquee Moon
39%
New York Dolls
39%
Punk in Drublic
39%
Smash
36%
Unknown Pleasures
36%
Walk Among Us
33%
Zen Arcade
33%
Suffer
31%
Entertainment!
28%
Double Nickels on the Dime
25%
Los Angeles
25%
Cut
22%
Damned Damned Damned
22%
Juju
22%
Raw Power
22%
Singles Going Steady
19%
Hear Nothing See Nothing Say Nothing
17%
In The City
17%
No matching quizzes found
Score Distribution
Percent of People with Each Score
Percentile by Number Answered
Your Score History
You have not taken this quiz